000 00512nam a2200181Ia 4500
005 20260429112033.0
008 260429s9999||||xx |||||||||||||| ||und||
020 _a9781804892169
041 _aEnglish
082 _a541.2
_bRIV
100 _aRivers, Calista
245 0 _aChemistry of advanced materials /
_cCalista Rivers
260 _aUnited Kingdom :
_bBrilliant Publication Ltd. ,
_c2025.
300 _axii, 250 p.; hb
650 _a Advanced materials
650 _aMaterials chemistry
942 _cTB
999 _c52021
_d52021